书目信息 |
| 题名: |
农村幼儿园卫生保健工作
|
|
| 作者: | 王惠珊 主编 ;王文媛 编著 | |
| 分册: | ||
| 出版信息: | 北京 教育科学出版社 2015 |
|
| 页数: | 210页 | |
| 开本: | 24cm | |
| 丛书名: | 农村幼儿园保育教育指导丛书 | |
| 单 册: | ||
| 中图分类: | R175 | |
| 科图分类: | ||
| 主题词: | 农村--nong cun--幼儿园--卫生保健 | |
| 电子资源: | ||
| ISBN: | 978-7-5041-9991-1 | |
| 000 | 01359nam0 22002771 450 | |
| 001 | 1754476824 | |
| 005 | 20170516112211.0 | |
| 010 | @a978-7-5041-9991-1@dCNY32.00 | |
| 100 | @a20160708d2015 em y0chiy50 ea | |
| 101 | 0 | @achi |
| 102 | @aCN@b110000 | |
| 105 | @aa z 000yy | |
| 106 | @ar | |
| 200 | 1 | @a农村幼儿园卫生保健工作@9nong cun you er yuan wei sheng bao jian gong zuo@f王惠珊主编@g王文媛[等]编著 |
| 210 | @a北京@c教育科学出版社@d2015 | |
| 215 | @a210页@c图@d24cm | |
| 225 | 2 | @a农村幼儿园保育教育指导丛书@9nong cun you er yuan bao yu jiao yu zhi dao cong shu |
| 300 | @a国家出版基金项目 | |
| 330 | @a本书共八章。第一至第三章属于卫生保健基础知识,以儿童身体发育及心理发展为线索,诠释如何根据儿童的特点开展保健工作;第四、第五章展示儿童的常规生活,以儿童在幼儿园生活和学习为主轴,从儿童的营养卫生再到生活及教育过程的保育护理。这里提供了一些具体的要求及可行的操作方法。第六至第八章属于保障部分。其中第六、第七章从幼儿教育工作者的角度提出了预防儿童常见疾病及预防意外事故的技能保障,第八章则从环境的角度提出了卫生要求并介绍了相关的卫生保健常识。 | |
| 461 | 0 | @12001 @a农村幼儿园保育教育指导丛书 |
| 606 | 0 | @a农村@9nong cun@x幼儿园@x卫生保健 |
| 690 | @aR175@v5 | |
| 701 | 0 | @a王惠珊@9wang hui shan@c(女)@4主编 |
| 702 | 0 | @a王文媛@9wang wen yuan@c(女,@f1970~)@4编著 |
| 801 | 0 | @aCN@b百万庄@c20170512 |
| 905 | @b1005186-91@dR175@e240@f6 | |
| 农村幼儿园卫生保健工作/王惠珊主编/王文媛[等]编著.-北京:教育科学出版社,2015 |
| 210页:图;24cm.-(农村幼儿园保育教育指导丛书) |
| 国家出版基金项目 |
| ISBN 978-7-5041-9991-1:CNY32.00 |
| 本书共八章。第一至第三章属于卫生保健基础知识,以儿童身体发育及心理发展为线索,诠释如何根据儿童的特点开展保健工作;第四、第五章展示儿童的常规生活,以儿童在幼儿园生活和学习为主轴,从儿童的营养卫生再到生活及教育过程的保育护理。这里提供了一些具体的要求及可行的操作方法。第六至第八章属于保障部分。其中第六、第七章从幼儿教育工作者的角度提出了预防儿童常见疾病及预防意外事故的技能保障,第八章则从环境的角度提出了卫生要求并介绍了相关的卫生保健常识。 |
| ● |
| 相关链接 |
|
|
|
|
正题名:农村幼儿园卫生保健工作
索取号:R175/240
 
预约/预借
| 序号 | 登录号 | 条形码 | 馆藏地/架位号 | 状态 | 备注 |
| 1 | 1005186 | 210051860 | 第二样本阅览室/ [索取号:R175/240] | 在馆 | |
| 2 | 1005187 | 210051879 | 教育系资料室/ [索取号:R175/240] | 在馆 | |
| 3 | 1005188 | 210051888 | 教育系资料室/ [索取号:R175/240] | 在馆 | |
| 4 | 1005189 | 210051897 | 教育系资料室/ [索取号:R175/240] | 在馆 | |
| 5 | 1005190 | 210051904 | 第三借阅区/ [索取号:R175/240] | 在馆 | |
| 6 | 1005191 | 210051913 | 第三借阅区/ [索取号:R175/240] | 在馆 |